<?xml version="1.0" encoding="UTF-8"?>
<marc:record xmlns:marc="http://www.loc.gov/MARC21/slim">
   <marc:leader>00000nam a2200000 a 4500</marc:leader>
   <marc:datafield ind1="1" ind2=" " tag="100">
      <marc:subfield code="a">Bahrmann, Hannes</marc:subfield>
      <marc:subfield code="4">aut</marc:subfield>
      <marc:subfield code="e">Verfasser/-in</marc:subfield>
   </marc:datafield>
   <marc:datafield ind1=" " ind2=" " tag="653">
      <marc:subfield code="a">Kubanische Revolution</marc:subfield>
   </marc:datafield>
   <marc:datafield ind1=" " ind2=" " tag="653">
      <marc:subfield code="a">Auswirkung</marc:subfield>
   </marc:datafield>
   <marc:datafield ind1=" " ind2=" " tag="653">
      <marc:subfield code="a">Softcover / Sachbücher/Geschichte/Regionalgeschichte</marc:subfield>
   </marc:datafield>
   <marc:datafield ind1=" " ind2=" " tag="653">
      <marc:subfield code="a">Ländergeschichte</marc:subfield>
   </marc:datafield>
   <marc:datafield ind1=" " ind2=" " tag="653">
      <marc:subfield code="a">Raúl Castro</marc:subfield>
   </marc:datafield>
   <marc:datafield ind1=" " ind2=" " tag="653">
      <marc:subfield code="a">Karibik</marc:subfield>
   </marc:datafield>
   <marc:datafield ind1=" " ind2=" " tag="653">
      <marc:subfield code="a">Che Guevara</marc:subfield>
   </marc:datafield>
   <marc:datafield ind1=" " ind2=" " tag="653">
      <marc:subfield code="a">Fidel Castro</marc:subfield>
   </marc:datafield>
   <marc:datafield ind1=" " ind2=" " tag="653">
      <marc:subfield code="a">Kuba</marc:subfield>
   </marc:datafield>
   <marc:datafield ind1="0" ind2="0" tag="245">
      <marc:subfield code="a">Abschied vom Mythos</marc:subfield>
   </marc:datafield>
   <marc:datafield ind1="0" ind2="0" tag="245">
      <marc:subfield code="b">sechs Jahrzehnte kubanische Revolution : eine kritische Bilanz</marc:subfield>
   </marc:datafield>
   <marc:datafield ind1="0" ind2="0" tag="245">
      <marc:subfield code="c">Hannes Bahrmann</marc:subfield>
   </marc:datafield>
   <marc:datafield ind1=" " ind2="1" tag="264">
      <marc:subfield code="a">Berlin</marc:subfield>
      <marc:subfield code="b">Ch. Links Verlag</marc:subfield>
      <marc:subfield code="c">2016</marc:subfield>
   </marc:datafield>
   <marc:datafield ind1=" " ind2=" " tag="250">
      <marc:subfield code="a">1. Auflage</marc:subfield>
   </marc:datafield>
   <marc:datafield ind1="1" ind2=" " tag="520">
      <marc:subfield code="a">Angaben aus der Verlagsmeldung

Abschied vom Mythos : Sechs Jahrzehnte kubanische Revolution – Eine kritische Bilanz / von Hannes Bahrmann

Früher war Kuba ein vergleichsweise reiches Land. Gesegnet mit Bodenschätzen und fruchtbaren Böden, stieg die größte Insel der Karibik zum weltgrößten Zuckerproduzenten auf. Das Bruttosozialprodukt lag über dem Mexikos, die Ärztedichte über der in den Vereinigten Staaten, das Bildungswesen auf dem Niveau Westeuropas.
Sechs Jahrzehnte nach dem Sieg der Revolution ist der frühere Reichtum verzehrt, und der durchschnittliche Arbeitslohn liegt bei 25 Euro im Monat. Die Idee eines »Neuen Menschen« ist längst Geschichte, die sozialistische Gesellschaft auch, und die sozialen Unterschiede wachsen unaufhörlich. Nach der leichten Annäherung mit den USA verwaltet Raúl Castro den Übergang in eine Zukunft, die den Sozialismus nur als Pause zwischen Kapitalismus und Kapitalismus erscheinen lässt. Doch blickt man hinter die Kulissen, sind die Machtverhältnisse fester denn je in der Hand einer Familie: der Castros.
</marc:subfield>
   </marc:datafield>
   <marc:datafield ind1=" " ind2=" " tag="020">
      <marc:subfield code="a">9783861539124</marc:subfield>
      <marc:subfield code="9">9783861539124</marc:subfield>
   </marc:datafield>
   <marc:datafield ind1=" " ind2=" " tag="020">
      <marc:subfield code="a">3861539128</marc:subfield>
      <marc:subfield code="9">3861539128</marc:subfield>
   </marc:datafield>
   <marc:datafield ind1=" " ind2=" " tag="041">
      <marc:subfield code="a">ger</marc:subfield>
   </marc:datafield>
   <marc:datafield ind1=" " ind2=" " tag="300">
      <marc:subfield code="a">248 Seiten</marc:subfield>
   </marc:datafield>
</marc:record>
